000 01276cam a22003377a 4500
999 _c330477
_d330477
001 16442149
003 NUST
005 20170717163055.0
008 100901s2010 enka b 001 0 eng
010 _a 2010483762
015 _aGBA984517
_2bnb
016 7 _a015357284
_2Uk
020 _a9780854041886 (hbk.)
020 _a0854041885 (hbk.)
035 _a(OCoLC)ocn311464056
040 _aUKM
_cUKM
_dYDXCP
_dBWKUK
_dAGL
_dDLC
042 _aukblcatcopy
_alccopycat
050 0 0 _aTA418.9.N35
_bL823 2010
070 0 _aTA418.9.N35
_bL8 2010
082 0 4 _a620.5 DON
_222
100 1 _aLu, An-Hui.
_93327
245 1 0 _aNanocasting :
_ba versatile strategy for creating nanostructured porous materials /
_c[edited by] An-Hui Lu, Dongyuan Zhao, Ying Wan.
260 _aCambridge :
_bRSC Pub.,
_cc2010.
300 _axii, 265 p. :
_bill. ;
_c25 cm.
440 0 _aRSC nanoscience & nanotechnology ;
_v11
_93328
500 _aH.B
504 _aIncludes bibliographical references and index.
650 0 _aNanostructured materials
_xDesign and construction.
_93329
700 1 _aZhao, Dongyuan.
_93330
700 1 _aWan, Ying.
_93331
906 _a7
_bcbc
_ccopycat
_d2
_encip
_f20
_gy-gencatlg
942 _2ddc
_cBK
_kIESE